00339nam a2200109Ia 4500008004100000082000800041100001400049245004900063942000600112952009600118999001500214240331s9999 xx 000 0 und d bSEA aSeager, J 0aWomen in the world :ban International atlas cL 001040708LaWERCLbWERCLcSSCd2024-03-31l0o 305.4 SEAp718r2024-03-31w2024-03-31yL c1702d1702